'I' Movies by Picture Quiz Stats

Quiz Updated Oct 5, 2016

Challenge
Share
Tweet
Score 0/25 Timer 06:00
4 Plays Today
Grid Location Movie % Correct
5AThe Incredibles
96.1%
3BIron Man
92.6%
5CIce Age
91.5%
4EI, Robot
85.5%
1AI Am Legend
78.8%
2EInception
73.8%
2AThe Invisible Man
55.8%
5EIndiana Jones and the Last Crusade
54.5%
4BIndependence Day
52.8%
5DIt's a Wonderful Life
51.7%
5FI Am Sam
48.5%
1EInterview with the Vampire
48%
3CThe Illusionist
43.6%
Grid Location Movie % Correct
1DThe Italian Job
41.3%
1FInglourious Basterds
36.7%
4CThe Invention of Lying
35.9%
1CIn Bruges
34.7%
4DThe Informant!
30.3%
2DInto the Wild
29.3%
3FI Know What You Did Last Summer
28.4%
2BInside Man
25.7%
2CIn the Heat of the Night
23.7%
4AIntolerable Cruelty
22.8%
1BInsomnia
21.8%
3AInnerspace
17.7%

You're not logged in!

Compare scores with friends on all Sporcle quizzes.
Sign Up with Email
OR
Log In

You Might Also Like...

Show Comments

Extras

Top Quizzes Today


Score Distribution

Your Account Isn't Verified!

In order to create a playlist on Sporcle, you need to verify the email address you used during registration. Go to your Sporcle Settings to finish the process.